000
00261nam a22001217a 4500
008
171130b xxu||||| |||| 00| 0 eng d
041
_a
eng
080
_a
32
100
_a
19
101
_a
POL
245
_a
DECLINING TO DECLINE
_c
GULLETTE,M.M
942
_2
udc
_c
BK
999
_c
38644
_d
38644